| 000 | 01042nmm a2200349 a 4500 | ||
|---|---|---|---|
| 003 | AR-BaBNM | ||
| 005 | 20251128204525.0 | ||
| 008 | 045019s1898 ||||||||||||||000 | spa|| | ||
| 040 | _cAR-BaBNM | ||
| 100 | 1 | _aMontes de Oca, Manuel Augusto | |
| 245 | 1 | 0 |
_aLímites con Chile _blo que se ve y lo que no se ve, el arbitraje, la Puna de Atacama |
| 260 |
_aBuenos Aires _bImprenta de "La Nación" _c1898 |
||
| 300 | 0 |
_a97 p. _bmapas pleg. |
|
| 500 | 0 | _aObras encuadernadas juntas | |
| 650 | 4 | _aFRONTERAS | |
| 650 | 4 | _aRELACIONES INTERNACIONALES | |
| 650 | 4 | _aARBITRAJE INTERNACIONAL | |
| 650 | 4 | _aHISTORIA DIPLOMATICA | |
| 650 | 4 | _aHISTORIA DE LAS RELACIONES EXTERIORES | |
| 650 | 4 | _aGEOGRAFIA POLITICA | |
| 650 | 4 | _aHISTORIA LATINOAMERICANA | |
| 650 | 4 | _aDERECHO INTERNACIONAL | |
| 650 | 4 | _aPOLITICA EXTERIOR | |
| 650 | 4 | _aNEGOCIACIONES DIPLOMATICAS | |
| 650 | 4 | _aDIPLOMACIA | |
| 651 | 4 | _aArgentina | |
| 651 | 4 | _aChile | |
| 651 | 4 | _aBolivia | |
| 653 | 0 | _aCONFLICTOS LIMITROFES | |
| 942 | _cBK | ||
| 998 | _cArchipretre | ||
| 999 |
_c7768 _d7768 |
||